MARC

LEADER 00000nam0a2200000 4500
001 119507
005 20231031124629.0
035 |a (RuTPU)RU\TPU\book\129339 
090 |a 119507 
100 |a 20070709d1973 km y0rusy50 ca 
101 0 |a rus 
102 |a RU 
105 |a a z 001zy 
200 1 |a Теплофизические свойства газов  |e сборник статей  |f Академия наук СССР (АН СССР); Научный Совет по комплексной проблеме "Высокотемпературная теплофизика"; Одесский технологический институт холодильной промышленности; отв. ред. И. И. Новиков 
210 |a Москва  |c Наука  |d 1973 
215 |a 208 с.  |c ил. 
320 |a Списки литературы в конце статей. 
610 1 |a статьи 
610 1 |a газы 
610 1 |a теплофизические свойства 
610 1 |a сборники 
610 1 |a высокотемпературная теплофизика 
610 1 |a коэффициент переноса 
610 1 |a вязкость 
610 1 |a теплопроводность 
610 1 |a диффузия 
675 |a 533:536  |v 3 
702 1 |a Новиков  |b И. И.  |g Иван Иванович  |4 340 
712 0 2 |a Академия наук СССР (АН СССР)  |b Научный Совет по комплексной проблеме "Высокотемпературная теплофизика"  |2 stltpush  |3 (RuTPU)RU\TPU\col\722 
712 0 2 |a Одесский технологический институт холодильной промышленности 
801 1 |a RU  |b 63413507  |c 20070709  |g PSBO 
801 2 |a RU  |b 63413507  |c 20190605  |g PSBO 
942 |c BK